Cuentos de animales fantásticos para niños / (Registro nro. 7282)

Detalles MARC
000 -LIDER
fixed length control field 01171nam a2200277 a 4500
001 - NÚMERO DE CONTROL
Identificador de número de control 000044992
003 - IDENTIFICACDOR DE NÚMERO DE CONTROL
control field DO-SdBNP
005 - DATE AND TIME OF LATEST TRANSACTION
control field 20231128103406.0
007 - CAMPOS FIJOS DE DESCRIPCIÓN FÍSICA
fixed length control field 000044992
008 - ELEMENTOS DE LONGITUD FIJA
fixed length control field 150128s2008 dr a 000 0 spa d
020 ## - ISBN
International Standard Book Number 9789945442540
040 ## - FUENTE DE CATALOGACIÓN
Agencia que crea de manera original el registro BPMSU
Idioma de catalogación spa
Agencia que realiza la transcripción BPMSU
082 #4 - NÚMERO DE CLASIFICACIÓN DECIMAL DE DEWEY
Classification number A863.08
Item number C965a 2008
Edition number 22
092 ## - LOCALLY ASSIGNED DEWEY DECIMAL CALL NUMBER
Número de clasificación
Número de ítem (Cutter)
245 00 - MENCIÓN DE TITULO
Título Cuentos de animales fantásticos para niños /
Mención de responsabilidad edición ; Rosanela Álvarez.
260 ## - PUBLICACIÓN, DISTRIBUCIÓN, ETC. (PIE DE IMPRENTA)
Lugar de publicación, distribución, etc Santo Domingo :
Nombre del editor, distribuidor, etc. Editora Taller,
Fecha de publicación, distribución, etc 2008
300 ## - DESCRIPCIÓN FÍSICA
Extensión 106 p. :
Otros detalles físicos il. ;
Dimensiones 22 cm.
490 0# - MENCIÓN DE SERIES
Mención de serie Coedición latinoamericana
505 0# - NOTA DE CONTENIDO
Título La Boitatá (Brasil) --
-- El hombre caimán (Colombia) --
-- Las guacamayas (Ecuador) --
-- El caballito de sieto colores (Guatemala) --
-- El murciélago (México) --
-- El lagarto de oro (Nicaragua) --
-- El Amaru (Perú) --
-- El pájaro Inriri, fabricante de mujeres (Puerto Rico) --
-- La novia del pececito (República Dominicana) --
-- Blanca y el Salvaje (Venezuela).
590 ## - NOTA LOCAL
Texto de la nota local Inventariado, 2023/VM
650 #4 - ENCABEZAMIENTO DE MATERIA--TEMÁTICO
Término temático o nombre geográfico como elemento de entrada Cuentos intantiles latinoamericanos
650 #4 - ENCABEZAMIENTO DE MATERIA--TEMÁTICO
Término temático o nombre geográfico como elemento de entrada Literatura latinoamericana
700 1# - ASIENTO SECUNDARIO -- NOMBRE PERSONAL
Nombre personal Álvarez, Rosanela
Mención de responsabilidad ed.
910 ## - VALIDACIÓN
Validación VMateo V./Control de calidad. BPMSU
942 ## - ADDED ENTRY ELEMENTS (KOHA)
Source of classification or shelving scheme Dewey Decimal Classification
Koha item type Libros
Existencias
Withdrawn status Lost status Source of classification or shelving scheme Damaged status Not for loan Collection code Home library Current library Date acquired Source of acquisition Full call number Barcode Date last seen Copy number Price effective from Koha item type
    Dewey Decimal Classification     Colección Infantil Dominicana Biblioteca Pública Metropolitana Salomé Ureña Biblioteca Pública Metropolitana Salomé Ureña 01/29/2015 BPMSU CDI A863.08 C965a 2008 BPMSU15040912 01/29/2015 01/29/2015 Libros
    Dewey Decimal Classification     Colección Infantil Dominicana Biblioteca Pública Metropolitana Salomé Ureña Biblioteca Pública Metropolitana Salomé Ureña 01/29/2015 BPMSU CDI A863.08 C965a 2008 BPMSU15040913 01/29/2015 e.2 01/29/2015 Libros
    Dewey Decimal Classification     Colección Infantil Dominicana Biblioteca Pública Metropolitana Salomé Ureña Biblioteca Pública Metropolitana Salomé Ureña 01/29/2015 BPMSU CDI A863.08 C965a 2008 BPMSU15040914 01/29/2015 e.3 01/29/2015 Libros